| 000 | 00646nam a2200241Ia 4500 | ||
|---|---|---|---|
| 003 | OSt | ||
| 005 | 20220918184607.0 | ||
| 006 | a|||||r|||| 00| 0 | ||
| 007 | ta | ||
| 008 | 220917b |||||||| |||| 00| 0 eng d | ||
| 024 | _a47,249 | ||
| 037 | _cTextual | ||
| 040 |
_aARTS _cARTS _beng |
||
| 041 |
_2eng _aeng |
||
| 082 | _aO111:g(P), J2;K0 | ||
| 100 |
_aMurry J Middleton _914008 |
||
| 245 | 0 | _aProblem of style | |
| 260 |
_aLondon _bOUP UK _c1952 |
||
| 300 |
_a148p. _ccm. |
||
| 650 |
_aLINGUISTICS; ENGLISH LITERATURE _914009 |
||
| 942 |
_hO111:g(P), J2;K0 _cTEXL _2CC |
||
| 999 |
_c177115 _d177115 |
||